LEADER 01313nam--2200409---450- 001 990000546770203316 005 20081205095914.0 010 $a88-7011-581-X 035 $a0054677 035 $aUSA010054677 035 $a(ALEPH)000054677USA01 035 $a0054677 100 $a20010705d1994----km-y0itay0103----ba 101 $aita 102 $aIT 105 $a||||||||001yy 200 1 $aDistretti industriali e cambiamento economico locale$fa cura di Marco Bellandi e Margherita Russo 210 $aTorino$cRosenberg & Sellier$d1994 215 $a230 p.$d21 cm 225 2 $aRosenberg & Sellier da leggere$v56 410 $12001$aRosenberg & Sellier da leggere$v56 606 $aIndustria$xLocalizzazione$yItalia 676 $a338.60420945 702 1$aBELLANDI,$bMarco 702 1$aRUSSO,$bMargherita 801 0$aIT$bsalbc$gISBD 912 $a990000546770203316 951 $a338.604 DIS 1 (IRA 1 288)$b11663 G.$c338.604$d00212822 959 $aBK 969 $aECO 979 $aPATTY$b90$c20010705$lUSA01$h1631 979 $c20020403$lUSA01$h1704 979 $aPATRY$b90$c20040406$lUSA01$h1638 979 $aRSIAV3$b90$c20081205$lUSA01$h0958 979 $aRSIAV3$b90$c20081205$lUSA01$h0959 996 $aDistretti industriali e cambiamento economico locale$958149 997 $aUNISA LEADER 01580nam2 22003373i 450 001 CAG0067811 005 20251003044102.0 100 $a20050506d1910 ||||0itac50 ba 101 | $aita 102 $ait 181 1$6z01$ai $bxxxe 182 1$6z01$an 200 0 $a1 205 $a3. ed. intieramente rifatta e notevolmente accresciuta e messa al corrente delle modificazioni portate alla legge e al regolamento dalle disposizioni posteriori 210 $aTorino$cUTET$d1910 215 $aXI, 546 p.$d26 cm. 461 1$1001PUV0481037$12001 $aLegge sull'amministrazione del patrimonio dello Stato e sulla contabilità generale$eTesto unico approvato col Regio Decreto 17 febbraio 1884, n. 2016$fannotata dall'avv. Adriano De Cupis seguita dal relativo regolamento$v1 606 $aContabilità di Stato$xLegislazione$2FIR$3CFIC000024$9I 606 $aPatrimonio dello stato$xAmministrazione$2FIR$3PUVC076759$9I 676 $a342.45$9DIRITTO COSTITUZIONALE E AMMINISTRATIVO.$v22 676 $a352.43$9AMMINISTRAZIONE PUBBLICA. CONTROLLO FINANZIARIO$v21 696 $aBeni patrimoniali$aPatrimonio statale 699 $aPatrimonio dello Stato$yBeni patrimoniali 699 $aPatrimonio dello Stato$yPatrimonio statale 801 3$aIT$bIT-000000$c20050506 850 $aIT-BN0095 $aIT-NA0079 912 $aCAG0067811 950 2$aBiblioteca Centralizzata di Ateneo$d 01V (S) 000 803$e 01S 0009008035 VMF v. 1$fB $h20140519$i20140519 977 $a 01$a BN 996 $a1$961339 997 $aUNISANNIO